Normal view
MARC view
Entry Personal Name
001 - CONTROL NUMBER
- control field: 21499
003 - CONTROL NUMBER IDENTIFIER
- control field: ARRUPE
005 - DATE AND TIME OF LATEST TRANSACTION
- control field: 20160118143433.0
008 - FIXED-LENGTH DATA ELEMENTS
- fixed length control field: 160118|| aca||aabn | a|a d
040 ## - CATALOGING SOURCE
- Original cataloging agency: ARRUPE
- Transcribing agency: ARRUPE
100 ## - HEADING--PERSONAL NAME
- Personal name: Coupland, Reginald,
- Titles and other words associated with a name: Sir,
- Dates associated with a name: 1884-1952.
670 ## - SOURCE DATA FOUND
- Source citation: Work cat.: (ARRUPE)0: Coupland, Reginald, Sir, 1884-1952., Wilberforce, 1923.